Reliez la série TV à son personnage principal - Statistiques

Statistiques générales
  • Ce quiz a été pris 1 513 fois
  • Le résultat moyen est 9 sur 15
Statistiques - réponses
Hint Réponse % Correct
Onze (Eleven) Stranger Things
85%
Meredith Grey Grey's Anatomy
84%
Thomas Shelby Peaky Blinders
84%
Walter White Breaking Bad
83%
Ragnar Lodbrok Vikings
83%
Blair Waldorf Gossip Girl
67%
Clay Jensen 13 Reasons Why
61%
Elena Gilbert Vampire Diaries
55%
Michael Scott The Office
49%
Jake Peralta Brooklyn Nine-Nine
48%
Franck Gallagher Shameless
45%
Annalise Keating How to Get Away with Murder
43%
Olivia Pope Scandal
34%
June Osborne The Handmaid’s Tale : la Servante écarlate
33%
Jack Pearson This is Us
21%
Aucun quiz correspondant
Distribution des résultats
% des personnes avec chaque résultat
Percentile par nombre de réponses
Votre historique - résultats
Vous n’avez pas pris ce quiz